| 000 | 00372nam a22001217a 4500 | ||
|---|---|---|---|
| 008 | 240730b |||||||| |||| 00| 0 eng d | ||
| 040 |
_aNational Science Library _cNational Science Library |
||
| 100 | _aBuda, Cesar | ||
| 245 | _aElemente de reglaj si automatizare | ||
| 260 |
_aBucuresti: _bEditura Didactica si Pedagogica, _c1975 |
||
| 300 | _a434p. | ||
| 942 |
_2udc _cBK |
||
| 999 |
_c65275 _d65275 |
||